Statistics for tvd quiz for real fanss

Click here to take the quiz!

General Stats

  • This quiz has been taken 72 times
  • The average score is 9 of 15

Answer Stats

HintAnswer% Correct
what was the name of elenas aunt?jenna
96%
who is bonnies one and only love?enzo
85%
in what season is prison world?6
74%
who kills tyler?damon
72%
'he was your first love and i intend to be your last however long it takes' sais by who???klaus
70%
and who gave birth to them?caroline
69%
which month is the month caroline would love to get married in?june
67%
who is the one man klaus fears?mikael
61%
who was the original witch?esther
59%
what did her mother die from?cancer
52%
which heretic did enzo fancy?lily
50%
and whats his full name?lorenzo st john
41%
which of the gemini twins survived?lizzie and josie
35%
whats her full name?lilian salvatore
33%
and who was she in love with?julian
30%

Score Distribution

Percentile by Number Answered

Percent of People with Each Score

Your Score History

You have not taken this quiz